Effects of center of mass manipulation on the performance of the squat exercise /

Bibliographic Details
Main Author: Lander, Jeffrey Evan, 1956-
Format: Thesis Microform Book
Language:English
Published: [Place of publication not identified] : [publisher not identified] ; 1984.
Subjects:

MARC

Tag First Indicator Second Indicator Subfields
LEADER 00000cam a2200000 a 4500
001 in00000019387
005 20151007054246.0
007 he bmb|||||||
008 851121r19851984orua bb 00010 eng d
035 |a (OCoLC)12828400 
035 |9 AAB4482AM 
040 |a SDB  |c SDB  |d HPE  |d m/c  |d TXA  |d UtOrBLW 
049 |a TXAI 
099 |a fiche  |a C  |a 9240 
100 1 |a Lander, Jeffrey Evan,  |d 1956- 
245 1 0 |a Effects of center of mass manipulation on the performance of the squat exercise /  |c by Jeffrey Evan Lander. 
264 1 |a [Place of publication not identified] :  |b [publisher not identified] ;  |c 1984. 
300 |a xv, 124 leaves :  |b illustrations 
336 |a text  |b txt  |2 rdacontent 
337 |a microform  |b h  |2 rdamedia 
338 |a microfiche  |b he  |2 rdacarrier 
502 |b Ph. D.  |c University of Oregon  |d 1984. 
500 |a Vita. 
504 |a Bibliography: leaves 120-124. 
533 |a Microfiche.  |b Eugene :  |c Microform Publications, College of Human Development and Performance, University of Oregon,  |d 1985.  |e 2 microfiches : negative ; 11 x 15 cm. 
500 |a Microform. 
650 0 |a Weight lifting  |x Physiological aspects. 
650 0 |a Human mechanics. 
650 0 |a Center of mass. 
999 |a MARS 
999 f f |s 1bfd9744-5e63-3242-81e7-28d006987d09  |i dd6d7feb-1e2d-3e06-8b25-61f0f1f99749  |t 0 
952 f f |p normal  |a Texas A&M University  |b College Station  |c Sterling C. Evans Library  |d Evans: Microforms (3rd floor)  |t 0  |e fiche C 9240  |h Other scheme  |i microform -- microfiche  |m A14822855185 
998 f f |a fiche C 9240  |t 0  |l Evans: Microforms (3rd floor)